000 00952naa a22002537a 4500
001 BR7304664
003 BR-BrBNA
005 20240918173457.0
007 ta
008 230509b bl.||||| |||| 00| 0 por d
040 _aBR-BrBNA
_bpor
_cBiblioteca Nacional de Agricultura
041 _a(Pt)
072 _aQ20
090 _aQ20 BR7304664
100 1 _aDesmonts, R.
245 1 _aTeoria e pratica do metodo de fermentacao pelo processo de culturas puras e cortes
260 3 _aPiracicaba, SP (Brasil):
_c1961.
500 _a2. Semana de Fermentacao Alcoolica. Fermentacao do mel final das usinas de acucar Piracicaba, SP (Brasil): 1961. p. 216-230 (BR7304664-AM)Q20
650 _aFERMENTACAO
650 _aLABORATORIO
773 0 _t2. Semana de Fermentacao Alcoolica. Fermentacao do mel final das usinas de acucar
_b
_wQ20 BR7304664
_gPiracicaba, SP (Brasil), 1961. p. 216-230
909 _a202404
_bLucia
_c55
_dLucia Elande
942 _cAM
_2AGRIS
999 _c304839
_d304839